[Event "GER-chT Betriebe 15th"]
[Site "Munich"]
[Date "2015.10.23"]
[Round "3.1"]
[White "Bender, Gerhard"]
[Black "Jacobsen, Ruediger"]
[Result "1/2-1/2"]
[WhiteElo "2017"]
[BlackElo "1523"]
[PlyCount "39"]
[EventDate "2015.10.22"]
[EventType "team-swiss"]
[EventRounds "7"]
[EventCountry "GER"]
[SourceTitle "EXT 2020"]
[Source "ChessBase"]
[SourceDate "2019.10.17"]
[SourceVersion "1"]
[SourceVersionDate "2019.10.17"]
[SourceQuality "1"]
[WhiteTeam "Deutsches Patent und Markenamt"]
[BlackTeam "Bremen Airbus"]
[WhiteTeamCountry "GER"]
[BlackTeamCountry "GER"]

1. e4 e5 2. Nf3 Nc6 3. d4 exd4 4. Nxd4 Ne5 5. Be2 Nf6 6. Nc3 d6 7. 0-0 Be7 8. f4 Ng6 9. Bf3 c6 10. Kh1 h6 11. Qe2 Nh4 12. Be3 Nxf3 13. Qxf3 0-0 14. Rae1 Ng4 15. Bg1 Qa5 16. h3 Nf6 17. e5 Nh7 18. Nb3 Qc7 19. Bd4 d5 20. Nc5 1/2-1/2

[Event "Regionalliga SW 1415"]
[Site "Bayern"]
[Date "2014.11.23"]
[Round "3.7"]
[White "Bender, Gerhard"]
[Black "Rubke, Manfred"]
[Result "0-1"]
[WhiteElo "1897"]
[BlackElo "2104"]
[PlyCount "58"]
[EventDate "2014.10.19"]
[EventType "team-tourn"]
[EventRounds "9"]
[EventCountry "GER"]
[SourceTitle "EXT 2018"]
[Source "ChessBase"]
[SourceDate "2017.10.13"]
[SourceVersion "1"]
[SourceVersionDate "2017.10.13"]
[SourceQuality "1"]
[WhiteTeam "Bayern Muenchen III"]
[BlackTeam "Haunstetten"]
[WhiteTeamCountry "GER"]
[BlackTeamCountry "GER"]

1. e4 d5 2. exd5 Qxd5 3. Nc3 Qa5 4. Bc4 c6 5. d4 Bf5 6. Nf3 Nf6 7. 0-0 e6 8. Bd2 Nbd7 9. Nh4 Bg6 10. f4 Qb6 11. Ne2 Bd6 12. f5 exf5 13. Nxf5 Bxf5 14. Rxf5 0-0 15. Ba5 Qxb2 16. Rb1 Qa3 17. Rxb7 c5 18. Bc3 Nb6 19. Bb3 Rac8 20. Ng3 Bxg3 21. hxg3 c4 22. Ra5 Qd6 23. Ba4 Qxg3 24. Be1 Qe3+ 25. Bf2 Qf4 26. g3 Qe4 27. Rbxa7 Nxa4 28. Rxa4 Ng4 29. Rd7 Qf5 0-1

[Event "Munich OIS op 31st"]
[Site "Munich"]
[Date "2011.09.17"]
[Round "1"]
[White "Bender, Gerhard"]
[Black "Meister, Peter"]
[Result "0-1"]
[WhiteElo "2017"]
[BlackElo "2428"]
[PlyCount "102"]
[EventDate "2011.09.17"]
[EventType "swiss"]
[EventRounds "9"]
[EventCountry "GER"]
[SourceTitle "CBM 144 Extra"]
[Source "ChessBase"]
[SourceDate "2011.10.28"]
[SourceVersion "1"]
[SourceVersionDate "2011.10.28"]
[SourceQuality "1"]

1. e4 g6 2. d4 Bg7 3. Be3 d6 4. Nc3 a6 5. Qd2 Nd7 6. f4 e6 7. Rd1 Ne7 8. Nf3 b6 9. d5 exd5 10. Nxd5 Nxd5 11. Qxd5 Rb8 12. Bc4 0-0 13. Ng5 Qe7 14. 0-0 h6 15. f5 Nf6 16. Qd3 gxf5 17. Nxf7 Rxf7 18. Bxf7+ Qxf7 19. exf5 Bb7 20. Bd4 Re8 21. Qg3 Re4 22. h3 Nh5 23. Qf3 Bxd4+ 24. Rxd4 Rxd4 25. Qxb7 Rd2 26. g4 Ng3 27. Rf3 Qe7 28. Qc8+ Kh7 29. Qe6 Ne2+ 30. Kf1 Qxe6 31. fxe6 Nd4 32. Re3 Nxe6 33. Rxe6 Rxc2 34. h4 Kg7 35. Re2 Rxe2 36. Kxe2 Kf6 37. Ke3 Ke5 38. b4 d5 39. g5 c5 40. gxh6 Kf6 41. h5 Kf7 42. a3 Kg8 43. Kf4 Kh7 44. Ke5 c4 45. Kd4 Kxh6 46. a4 b5 47. a5 Kxh5 48. Kxd5 c3 49. Kc6 c2 50. Kb6 c1Q 51. Kxa6 Qc4 0-1

[Event "Munich OIS op"]
[Site "Munich"]
[Date "2008.10.11"]
[Round "1"]
[White "Bender, Gerhard"]
[Black "Pitschka, Claus"]
[Result "0-1"]
[WhiteElo "2029"]
[BlackElo "2301"]
[PlyCount "56"]
[EventDate "2008.10.11"]
[EventType "swiss"]
[EventRounds "9"]
[EventCountry "GER"]
[SourceTitle "CBM 126 Extra"]
[Source "ChessBase"]
[SourceDate "2008.11.05"]
[SourceVersion "1"]
[SourceVersionDate "2008.11.05"]
[SourceQuality "1"]

1. e4 Nf6 2. Nc3 e5 3. Nf3 d6 4. d4 exd4 5. Nxd4 Be7 6. Be2 0-0 7. Be3 Re8 8. 0-0 Bf8 9. Bc4 c6 10. a4 Nxe4 11. Bxf7+ Kxf7 12. Nxe4 Kg8 13. Qd3 Nd7 14. Bg5 Qa5 15. b4 Qd5 16. Rae1 Ne5 17. Qd1 Bd7 18. f4 Nf7 19. Qd3 c5 20. Nf6+ gxf6 21. Bxf6 Nh6 22. c4 Qf7 23. Bg5 cxd4 24. Qxd4 Nf5 25. Qd3 Rxe1 26. Rxe1 Re8 27. Qd1 Rxe1+ 28. Qxe1 Qxc4 0-1